[Event "DEN-chT XtraCon 2018-19"]
[Site "Denmark"]
[Date "2019.02.24"]
[Round "7.2"]
[White "Rasmussen, Allan Stig"]
[Black "Kristensen, Leif"]
[Result "1-0"]
[WhiteElo "2545"]
[BlackElo "2313"]
[Annotator "TA"]
[PlyCount "67"]
[EventDate "2018.10.27"]
[EventType "team-tourn"]
[EventCountry "DEN"]
[SourceTitle "playchess.com"]
[Source "ChessBase"]
[SourceQuality "1"]

{[%evp 11,67,3,21,0,0,0,0,0,0,0,0,0,0,0,11,5,24,20,20,13,52,54,76,85,82,94,91,94,82,89,99,92,145,168,129,135,218,221,213,212,215,202,213,179,411,413,405,412,402,398,414,390,506,496,911,946,932,924]} 1. d4 g6 2. Bf4 Bg7 3. e3 d6 4. Nf3 Nd7 5. h3 e5 6. Bh2 Ne7 7. Be2 {A41: 1 d4 d6: Tartakower System and Modern Defence} O-O 8. O-O b6 9. a4 {The position is equal.} (9. c4 Bb7 10. Nc3 h6 11. Rc1 g5 12. b4 Ng6 13. dxe5 dxe5 14. Qc2 a5 {½-½ (56) Grachev,B (2654)-Fedoseev,V (2731) Sochi 2017}) 9... a5 10. Na3 Bb7 $146 ({Predecessor:} 10... e4 11. Nd2 f5 12. Nb5 Kh8 13. Nc4 Nd5 14. Ncxd6 cxd6 15. Bxd6 {0-1 (30) Doppelhammer,H (2130)-Tkaczuk,R (2260) Austria 1999}) 11. Nb5 Nd5 12. Qd2 e4 13. Ne1 f5 14. c4 Nb4 15. Rc1 Re8 16. Nc2 Na6 17. Rfd1 Bf8 18. b4 axb4 19. Nxb4 Kh8 20. Ra1 Nxb4 21. Qxb4 Nb8 {[#]} ({Black should play} 21... Bc6) 22. c5 $1 $16 {[%mdl 512]} bxc5 23. Qb2 {Hoping for Nxd6.} Na6 (23... c4 $16 {was called for.}) 24. Nxd6 $1 $18 {[%mdl 64] Discovered Attack} cxd6 25. Qxb7 Re7 26. Qd5 {Strongly threatening dxc5.} Bg7 27. Qxd6 Rd7 $2 {[#]} (27... Qxd6 {keeps fighting.} 28. Bxd6 Rea7) 28. Qc6 Nb4 29. Qxc5 Nd5 30. Bb5 Rc8 31. Qa3 Ra7 {Now ...Nc3 and Black clings on.} 32. Rac1 {White is clearly winning.} f4 (32... Rxc1 $142 33. Rxc1 f4) 33. Rxc8 Qxc8 34. Qc5 {Accuracy: White = 92%, Black = 49%.} 1-0

[Event "DEN-chT XtraCon 2018-19"]
[Site "Denmark"]
[Date "2019.02.24"]
[Round "7.2"]
[White "Schandorff, Lars"]
[Black "Chatalbashev, Boris"]
[Result "1-0"]
[WhiteElo "2491"]
[BlackElo "2531"]
[Annotator "TA"]
[PlyCount "71"]
[EventDate "2018.10.27"]
[EventType "team-tourn"]
[EventCountry "DEN"]
[SourceTitle "playchess.com"]
[Source "ChessBase"]
[SourceQuality "1"]

{[%evp 10,71,14,0,0,-1,15,23,32,37,46,44,104,116,118,101,103,114,115,104,152,162,202,223,122,129,299,302,430,408,377,379,433,421,406,406,798,633,847,453,409,445,453,427,452,442,599,595,979,572,568,570,602,612,817,810,1370,1322,1232,542,541,533,529,517]} 1. c4 e5 2. Nc3 d6 3. Nf3 f5 4. g3 Nf6 5. Bg2 Be7 6. d4 e4 {A21: English Opening: 1...e5 2 Nc3} 7. Ng5 O-O (7... c6 8. d5 Nxd5 9. Ngxe4 Nb6 10. Nd2 Bf6 11. O-O O-O 12. Qc2 Be6 13. b3 d5 14. Bb2 dxc4 15. bxc4 Nxc4 16. Nxc4 Bxc4 {1-0 (105) Ding,L (2777)-Sjugirov,S (2650) Riadh 2017}) 8. f3 {[%cal Rf3e4]} exf3 {White has an edge.} 9. exf3 c5 $146 ({Predecessor:} 9... d5 10. f4 dxc4 11. Qe2 Kh8 12. Qxc4 Nc6 13. Bd2 Nxd4 14. O-O-O {½-½ (35) Javakhadze,Z (2408)-Solodovnichenko,Y (2587) Cesme 2015}) 10. d5 f4 (10... h6 $14) 11. Qd3 $36 {[%mdl 2048] White is on the roll.} (11. gxf4 Nh5 $11) 11... g6 12. Bh3 ({Much weaker is} 12. gxf4 $6 Nh5 $14) 12... Bxh3 13. Nxh3 fxg3 14. hxg3 Nh5 15. g4 Ng3 {Threatens to win with ...Nd7.} 16. Rg1 Bh4 {[#]} 17. Kd1 $1 {aiming for Bf4.} Nd7 $2 (17... Qe7 $16) 18. f4 $18 Qf6 (18... b5 $142 19. Nxb5 (19. Rxg3 bxc4 20. Qf3 Ne5 $14) 19... Rb8 20. Rxg3 Bxg3 21. Qxg3 Nb6) 19. Rxg3 Bxg3 20. Qxg3 Qd4+ 21. Kc2 Qxc4 22. Ng5 b5 (22... Rae8 $142 23. b3 Re2+ 24. Kb1 Qa6) 23. b3 Qf1 24. Ne6 b4 25. Bb2 ({Weaker is} 25. Nxf8 Rxf8 26. Ne4 Qe2+ 27. Nd2 Re8 $16) 25... Qa6 {White is clearly winning.} 26. Nc7 Qa5 27. Nxa8 {[#] Ne4 is the strong threat.} bxc3 28. Bxc3 Qa6 29. Nc7 Qe2+ 30. Bd2 {Black must now prevent Re1.} Qe4+ 31. Qd3 Qg2 32. Qe3 Rf7 33. Rg1 Qh2 34. Qg3 Qxg3 35. Rxg3 Nb6 36. Nb5 {Accuracy: White = 71%, Black = 24%.} 1-0

[Event "DEN-chT XtraCon 2018-19"]
[Site "Denmark"]
[Date "2019.02.24"]
[Round "7.2"]
[White "Ochsner, Bjorn Moller"]
[Black "Hagen, Andreas Skytte"]
[Result "1-0"]
[WhiteElo "2476"]
[BlackElo "2371"]
[Annotator "TA"]
[PlyCount "73"]
[EventDate "2018.10.27"]
[EventType "team-tourn"]
[EventCountry "DEN"]
[SourceTitle "playchess.com"]
[Source "ChessBase"]
[SourceQuality "1"]

{[%evp 23,73,0,11,0,4,6,0,27,80,77,81,59,43,56,44,51,56,51,66,39,56,40,73,38,80,106,180,165,187,163,326,341,575,552,552,506,527,505,824,804,831,852,888,721,1172,1104,29985,29984,29991,29985,29992,29993]} 1. e4 c5 2. Nf3 d6 3. d4 cxd4 4. Nxd4 Nf6 {[%cal Bg8f6,Bf6d7,Bd7e5,Be5c6][%mdl 32]} 5. Nc3 a6 6. h3 e6 7. g4 Be7 8. Bg2 Nfd7 {B81: Sicilian Scheveningen: Keres Attack} 9. Be3 Nc6 10. h4 Nde5 11. g5 O-O 12. Qe2 Nxd4 {LiveBook: 8 Games} 13. Bxd4 Nc6 14. Be3 Bd7 15. f4 {[#]} Rc8 $146 {[#]} (15... Na5 $11 {remains equal.}) 16. Qf2 $1 $16 b5 17. Bb6 Qe8 18. O-O-O b4 19. Ne2 $36 {[%mdl 2048] White has the initiative.} a5 20. Kb1 a4 21. Rh3 f6 22. Qe3 Qf7 23. Rg3 Rfe8 24. gxf6 Qxf6 {[#]} (24... Bxf6 $16 25. Rxd6 e5) 25. e5 $1 $18 {[%cal Re5f6][%mdl 512]} Qf7 (25... dxe5 26. Rxd7) 26. exd6 Bxh4 $2 {[#]} (26... Bf6 {keeps fighting.} 27. Be4 Kh8) 27. Rh3 $1 {[%cal Rh3h4]} Bf6 $2 (27... Qf6 28. Rdh1 a3) 28. Be4 g6 29. Rdh1 Bg7 30. Rxh7 e5 (30... a3 $142 31. bxa3 bxa3) 31. Qd3 Qf6 32. Bxg6 Re6 33. f5 e4 {[#]} 34. Rxg7+ $1 Kxg7 (34... Qxg7 35. Qc4) 35. Qh3 {White mates.} Rxd6 36. Qh7+ Kf8 37. Bc5 {Precision: White = 75%, Black = 25%.} 1-0

[Event "DEN-chT XtraCon 2018-19"]
[Site "Denmark"]
[Date "2019.02.24"]
[Round "7.2"]
[White "Jan Pedersen, SK."]
[Black "Aabling-Thomsen, Jakob"]
[Result "0-1"]
[WhiteElo "1968"]
[BlackElo "2364"]
[Annotator "TA"]
[PlyCount "80"]
[EventDate "2018.10.27"]
[EventType "team-tourn"]
[EventCountry "DEN"]
[SourceTitle "playchess.com"]
[Source "ChessBase"]
[SourceQuality "1"]

{[%evp 9,80,-4,45,46,42,0,0,0,66,58,77,30,39,32,33,27,31,22,35,-15,-14,-16,0,-17,0,0,0,0,0,-56,-20,-26,-21,-22,-14,-22,-18,-60,0,0,0,-85,-84,-112,-119,-115,-101,-181,-131,-234,-234,-236,-216,-222,-192,-278,-143,-147,-141,-214,-158,-301,-217,-206,-172,-537,-511,-845,-833,-778,-654,-5202,-2141]} 1. e4 e5 2. Nc3 Nf6 3. g3 Bc5 4. Bg2 Nc6 5. Nge2 h5 6. h3 {C26: Vienna Game: 2...Nf6, sidelines} d6 7. Na4 (7. d3 h4 8. g4 Nh7 9. f4 exf4 10. Bxf4 Ng5 11. d4 Bb6 12. Qd2 Nh7 13. O-O-O {1-0 (53) Safarli,E (2681)-Sargissian,G (2689) chess.com INT 2019}) 7... h4 8. g4 {[#]The position is equal.} Nh7 $146 ({Better is} 8... Nxg4 $1 $11 {[%mdl 512]} 9. Nxc5 (9. hxg4 Bxg4 10. c3 Qf6 $15) 9... dxc5) ({Predecessor:} 8... Nxg4 9. Nxc5 dxc5 10. d4 exd4 11. hxg4 Bxg4 12. f3 h3 13. Bf4 {0-1 (25) Verducci Silvelo,S (2534)-Kugler,K (2509) ICCF WS 2006}) 9. f4 $14 exf4 10. Nxc5 {Black must now prevent Nd3.} (10. Nxf4 {looks sharper.} Bd4 11. Nc3 Bd7 12. Nce2 O-O 13. c3) 10... f3 11. Bxf3 {Strongly threatening Nb3.} dxc5 12. d3 Ng5 13. Bg2 Ne5 14. Bxg5 (14. O-O {with more complications.} Qe7 15. d4 cxd4 16. Qxd4 O-O 17. Qc3) 14... Qxg5 15. Qd2 Qe7 16. b3 Bd7 17. O-O O-O-O 18. Qe3 Kb8 19. a4 (19. a3 $11) 19... Rh6 20. Rad1 Bc8 21. c3 Rb6 22. d4 Nc6 23. e5 cxd4 ({Black should play} 23... Rxb3 $15 24. Bxc6 bxc6) 24. cxd4 $11 f6 {[%cal Rf6e5]} 25. Bxc6 (25. Nf4 $1 $11 Qa3 26. exf6 Rxb3 27. Rd3 Rxd3 28. Qxd3 Qxd3 29. Nxd3 gxf6 30. Bxc6 Rxd4 31. Nc5 (31. Bb5 c6 $17) 31... bxc6 32. Rxf6) 25... Rxc6 $17 26. Rc1 Rxc1 27. Rxc1 fxe5 28. Qxe5 (28. dxe5 $17 Rd5 29. e6) 28... Qd7 29. Rc2 (29. Qf4 $17) 29... b6 $19 30. d5 Re8 31. Qf4 Bb7 ({Resist} 31... Qxd5 32. Qxc7+ Ka8 33. Qc6+ Qxc6 34. Rxc6 $17) 32. Nc3 {[#]} (32. d6 $142 c5 33. Kf1) 32... Re1+ (32... Qe7 $1 $19 {[%cal Re7c5]} 33. Re2 Qc5+ {[%mdl 64] Double Attack} 34. Qf2 Rxe2 35. Qxc5 bxc5 36. Nxe2 Bxd5) 33. Kf2 $17 {[#]} Re7 $1 $36 {[%cal Re7f7][%mdl 2048] Keeping White busy.} 34. Qf8+ (34. Kg1 $17) 34... Bc8 {...Rf7+ is the strong threat.} 35. Kg1 (35. Kg2 $17) 35... Qd6 36. Qf2 Ba6 37. Qxh4 $2 (37. Rd2) 37... Re3 $19 {Hoping for ...Rg3+.Black is clearly winning.} 38. Nb5 (38. Kg2 $142) 38... Bxb5 39. axb5 Qxd5 {And now ...Qd1+ would win.} 40. Qh8+ Kb7 {Accuracy: White = 31%, Black = 65%.} 0-1

[Event "DEN-chT XtraCon 2018-19"]
[Site "Denmark"]
[Date "2019.02.24"]
[Round "7.3"]
[White "Rozentalis, Eduardas"]
[Black "Borge, Nikolaj"]
[Result "1-0"]
[WhiteElo "2529"]
[BlackElo "2376"]
[Annotator "TA"]
[PlyCount "51"]
[EventDate "2018.10.27"]
[EventType "team-tourn"]
[EventCountry "DEN"]
[SourceTitle "playchess.com"]
[Source "ChessBase"]
[SourceQuality "1"]

{[%evp 10,51,-6,-2,28,30,35,30,25,30,25,22,23,23,73,71,66,70,65,69,58,56,138,143,142,148,141,110,103,98,149,147,161,118,130,65,64,47,348,361,358,352,29995,162]} 1. e4 c5 2. Nf3 e6 3. c3 Nf6 4. e5 Nd5 5. g3 Nc6 6. Bg2 f6 {B22: Sicilian: 2 c3} 7. d4 $146 ({Predecessor:} 7. exf6 Qxf6 8. O-O Be7 9. d4 cxd4 10. Bg5 Qg6 11. Bxe7 Ndxe7 12. cxd4 O-O 13. Nc3 d5 14. Qd2 {½-½ (69) Altounian,L (2438)-Stukopin,A (2556) ICC INT 2014}) 7... cxd4 8. cxd4 Bb4+ {White has an edge.} 9. Bd2 b6 10. O-O Ba6 11. Re1 Rc8 12. a3 Bxd2 13. Nbxd2 f5 14. Qa4 b5 15. Qd1 (15. Qxa6 Nc7 $15) 15... Na5 (15... Bb7 $14) 16. Nh4 $16 O-O 17. Bxd5 exd5 18. b4 Nc4 19. Nb3 Rc6 ({Black should try} 19... Bb7) 20. Nc5 Bc8 21. Qf3 $36 {[%mdl 2112] Double Attack. Keeping Black busy.} Nb6 {[#]} 22. Qd3 (22. Ng2 $1 $16) 22... f4 $14 23. Nf5 (23. a4 $5 {[%cal Ra4b5]}) 23... Rxf5 $4 {[%mdl 8192]} (23... Nc4 $14) 24. Qxf5 $18 d6 {[#]} 25. e6 $1 {White threatens Qf7+ and mate.} ({Not} 25. Qxf4 dxc5 26. dxc5 (26. bxc5 Nc4 $16) 26... Nc4 $16) 25... dxc5 $2 (25... Qe7 $18 26. Nd3 (26. gxf4 dxc5 27. bxc5 Rxe6 $16) 26... fxg3 27. fxg3 g6) 26. Qf7+ {Accuracy: White = 70%, Black = 47%.} 1-0

[Event "DEN-chT XtraCon 2018-19"]
[Site "Denmark"]
[Date "2019.02.24"]
[Round "7.3"]
[White "Skytte, Rasmus"]
[Black "Bjerre, Jonas Buhl"]
[Result "1/2-1/2"]
[WhiteElo "2371"]
[BlackElo "2432"]
[Annotator "TA"]
[PlyCount "50"]
[EventDate "2018.10.27"]
[EventType "team-tourn"]
[EventCountry "DEN"]
[SourceTitle "playchess.com"]
[Source "ChessBase"]
[SourceQuality "1"]

{[%evp 17,50,-31,-24,-37,-35,-45,-16,-15,-14,-33,-39,-34,-12,-49,-15,-16,-15,-20,-31,-25,162,183,183,180,182,189,162,177,150,164,147,75,70,54,54]} 1. e4 c5 2. c3 Nf6 3. e5 Nd5 4. d4 cxd4 5. Nf3 Nc6 6. cxd4 d6 7. Bc4 Nb6 8. Bb3 dxe5 9. d5 Na5 10. Nc3 {B22: Sicilian: 2 c3} f6 (10... Nxb3 11. Qxb3 e6 12. Nxe5 Nxd5 13. Qb5+ Bd7 14. Qxb7 Bb4 15. Nxd7 Qc8 16. Nc5 Qxb7 17. Nxb7 Rb8 18. Nd6+ Bxd6 19. Nxd5 exd5 20. O-O {½-½ (31) Stevic,H (2624)-Markus,R (2625) Ljubljana 2012}) 11. O-O Nxb3 12. Qxb3 {The position is equal.} e6 13. dxe6 {[#] Strongly threatening Nxe5!} Qd6 14. Nb5 Qc6 {With the idea ...a6.} 15. Nfd4 exd4 16. Re1 $1 {And now Bf4 would win.} Bd6 17. Bd2 $1 {Hoping for Rac1.} Be5 {aiming for ...a6.} 18. f4 $146 {[%cal Rf4e5]} a6 $2 (18... Bxe6 $11 {and Black has nothing to worry.} 19. Nc7+ Kf7 20. Nxe6 Qxe6 21. fxe5 Qxb3 22. axb3 fxe5 23. Rxe5 Rhd8) 19. fxe5 $18 axb5 20. exf6 gxf6 21. Qg3 Bxe6 {[#]} 22. Rxe6+ $1 {[%mdl 512]} Qxe6 23. Re1 Qxe1+ 24. Qxe1+ (24. Bxe1 $142 {Qc7 is the strong threat.} O-O-O 25. Ba5) 24... Kf7 $16 25. Qe4 {[%mdl 1088] Double Attack. White has compensation.} Nc4 {Accuracy: White = 76%, Black = 61%.} 1/2-1/2

[Event "DEN-chT XtraCon 2018-19"]
[Site "Denmark"]
[Date "2019.02.24"]
[Round "7.3"]
[White "Hoi, Carsten"]
[Black "Matthiesen, Martin"]
[Result "1/2-1/2"]
[WhiteElo "2370"]
[BlackElo "2241"]
[Annotator "TA"]
[PlyCount "29"]
[EventDate "2018.10.27"]
[EventType "team-tourn"]
[EventCountry "DEN"]
[SourceTitle "playchess.com"]
[Source "ChessBase"]
[SourceQuality "1"]

{[%evp 14,29,15,12,25,20,19,0,0,-16,0,0,0,0,0,0,0,0]} 1. Nf3 Nf6 2. c4 e6 3. d4 d5 4. Nc3 Be7 5. Bg5 Nbd7 6. e3 h6 7. Bh4 O-O 8. Rc1 c5 {D63: Queen's Gambit Declined: Classical: 7 Rc1} 9. cxd5 (9. dxc5 Nxc5 10. cxd5 g5 11. Bg3 Nxd5 12. Nxd5 Qxd5 13. Qxd5 exd5 14. Nd4 Bd7 15. Be2 Rac8 16. O-O {½-½ (31) Ivanchuk,V (2710)-Yu,Y (2765) Batumi 2018}) 9... Nxd5 {The position is equal.} 10. Bg3 cxd4 11. exd4 Qa5 12. Bd3 Nxc3 13. bxc3 b6 14. O-O Ba6 $146 ({Predecessor:} 14... Bb7 15. Re1 Rfd8 16. c4 {0-1 (50) Hebden,M (2516)-Illner,A (2375) Amsterdam 2012}) 15. c4 1/2-1/2

[Event "DEN-chT XtraCon 2018-19"]
[Site "Denmark"]
[Date "2019.02.24"]
[Round "7.3"]
[White "Borovnica, Tihomir"]
[Black "Jensen, Bjarke"]
[Result "*"]
[WhiteElo "2234"]
[BlackElo "2320"]
[Annotator "TA"]
[PlyCount "18"]
[EventDate "2018.10.27"]
[EventType "team-tourn"]
[EventCountry "DEN"]
[SourceTitle "playchess.com"]
[Source "ChessBase"]
[SourceQuality "1"]

{[%evp 9,18,3,0,-30,29,41,28,-1546,-141,-134,-108]} 1. d4 d5 2. c4 c6 3. Nf3 Nf6 4. Nc3 dxc4 5. g3 Nbd7 (5... b5 6. Bg2 e6 7. O-O Bb7 8. e4 Be7 9. e5 Nd5 10. a4 a6 11. Ne4 Nd7 12. Bg5 O-O 13. h4 h6 14. Bxe7 Qxe7 15. Nd6 Rab8 {0-1 (32) Andreikin,D (2725)-Andriasian,Z (2604) chess.com INT 2019}) 6. a4 {D15: Slav Defence: 4 Nc3 a6 and gambit lines after 4 Nc3 dxc4} Nd5 ({Better is} 6... e6) 7. e4 $146 ({Predecessor:} 7. Bg2 N7f6 8. Ne5 Nxc3 9. bxc3 c5 10. dxc5 Qa5 11. Qd4 e6 12. c6 Qc7 {1-0 (22) Nayan,A (2121)-Jackson,N Tromsoe 2014}) 7... Nxc3 8. b3 $2 {[%mdl 8192] [#]} (8. bxc3 $11 b5 9. Bg2) 8... Nxa4 $2 (8... Nxd1 $19 9. Bxc4 Nc3) 9. bxa4 $17 Nf6 *

[Event "DEN-chT XtraCon 2018-19"]
[Site "Denmark"]
[Date "2019.02.24"]
[Round "7.4"]
[White "Olsen, Filip Boe"]
[Black "Sorensen, Jan"]
[Result "1-0"]
[WhiteElo "2397"]
[BlackElo "2398"]
[Annotator "TA"]
[PlyCount "67"]
[EventDate "2018.10.27"]
[EventType "team-tourn"]
[EventCountry "DEN"]
[SourceTitle "playchess.com"]
[Source "ChessBase"]
[SourceQuality "1"]

{[%evp 10,67,7,0,26,14,33,25,28,-37,-42,-37,-39,-44,-41,-76,-63,-70,-45,-66,-47,-134,-116,-176,-153,-175,-157,-154,-79,-253,-248,-283,-258,-308,-302,-294,-293,-311,-285,-280,-247,-216,-206,-213,-150,-144,-110,-177,-165,-253,-233,-190,-127,-95,0,0,268,-81,0,-41]} 1. d4 Nf6 2. c4 e6 3. Nc3 Bb4 4. Qc2 d5 5. a3 Bxc3+ 6. Qxc3 c5 {E36: Nimzo-Indian: Classical: 4...d5 5 a3} (6... O-O 7. Bg5 dxc4 8. Qxc4 b6 9. Rd1 Ba6 10. Qa4 h6 11. Bh4 Qe7 12. Nf3 Rd8 13. e3 Bxf1 14. Rxf1 c5 15. dxc5 Rxd1+ 16. Qxd1 {½-½ (23) Vitiugov,N (2709)-Giri,A (2780) Shenzhen 2018}) 7. dxc5 d4 8. Qc2 e5 {White has an edge.} 9. e4 (9. e3 $11) 9... a5 $1 $15 10. f4 Nc6 11. Nf3 Nd7 12. fxe5 Nxc5 $146 ({Predecessor:} 12... O-O 13. Bg5 Qc7 14. O-O-O Nxc5 {0-1 (43) Iniyan,P (2363)-Zubov,A (2606) Sitges 2016}) 13. Bg5 Qb6 14. Rd1 Bg4 15. Bh4 (15. Be2 $15) 15... O-O 16. Bf2 (16. Be2 $17 {is a better defense.}) 16... Bxf3 17. gxf3 Nxe5 18. Bg2 Ne6 (18... Rfd8 $142 19. O-O Qb3 20. Qxb3 Nxb3) 19. c5 $2 {[#]} (19. f4 $17 Nxf4 20. Bxd4 {[%mdl 64] Double Attack}) 19... Rac8 $19 20. cxb6 Rxc2 21. O-O Nf4 (21... Rxb2 22. Bxd4 Nxd4 23. Rxd4 $15) 22. Rxd4 Ne2+ (22... Rxb2 23. Rfd1 $17) 23. Kh1 Nxd4 24. Bxd4 Nd3 25. f4 Rd8 26. Bg1 Nxb2 ({Resist} 26... Rxb2 27. e5 $17) 27. e5 Nc4 28. Bxb7 (28. f5 $17) 28... Rb2 ({Inferior is} 28... Nxa3 29. Bf3 $14) 29. Bg2 (29. Rc1 $142 Nxb6 30. Be4) 29... Nxb6 30. f5 Nc4 (30... Nc8 $19 31. Be3 Rb3) 31. e6 $17 fxe6 ({Much worse is} 31... Nxa3 $6 32. Bc5 $14) ({Black should play} 31... Rc8 $17 {aiming for ...Kf8.} 32. exf7+ Kf8) 32. fxe6 $11 Re2 $2 {[%mdl 8192] [#]} (32... Rbd2 $11 {and Black stays safe.}) 33. Rc1 $2 (33. Bc5 $18 g6 34. e7) 33... Ne5 (33... Nb2 $17 34. Bb6 Rd1+ 35. Rxd1 Nxd1) 34. Bb6 {[%mdl 32768] Accuracy: White = 33%, Black = 60%. . Loss on time!?} 1-0

[Event "DEN-chT XtraCon 2018-19"]
[Site "Denmark"]
[Date "2019.02.24"]
[Round "7.4"]
[White "Thogersen, Rasmus"]
[Black "Kristensen, Bjarke Hautop"]
[Result "1-0"]
[WhiteElo "2288"]
[BlackElo "2212"]
[Annotator "TA"]
[PlyCount "91"]
[EventDate "2018.10.27"]
[EventType "team-tourn"]
[EventCountry "DEN"]
[SourceTitle "playchess.com"]
[Source "ChessBase"]
[SourceQuality "1"]

{[%evp 11,91,23,27,24,63,56,52,50,57,52,62,59,57,53,69,29,27,26,18,23,56,50,88,91,92,85,81,82,86,69,59,64,69,55,67,0,0,0,20,-37,0,0,211,200,259,256,276,276,284,285,529,284,267,0,475,230,232,225,225,147,160,148,267,265,246,208,425,328,314,312,280,246,327,300,360,337,393,399,422,425,1308,1289]} 1. e4 c5 2. Nf3 Nc6 3. d4 cxd4 4. Nxd4 e5 5. Nb5 d6 6. c4 Be7 7. N5c3 {B32: Sicilian: Löwenthal and Kalashnikov Variations} (7. N1c3 a6 8. Na3 Be6 9. Nc2 Rc8 10. Be2 Nf6 11. Be3 O-O 12. O-O Nb8 13. Na3 Nc6 14. Rc1 h6 15. Nc2 Nb8 16. Na3 Nc6 17. h3 Nd7 18. Nc2 f5 19. exf5 Bxf5 20. Bg4 Bh7 21. c5 Nxc5 22. Bxc8 Qxc8 23. Nd5 Bd8 24. Ncb4 Qe6 25. Nxc6 bxc6 {1-0 (57) Yu,Y (2750)-Moiseenko,A (2667) China 2017}) 7... f5 8. exf5 Bxf5 9. Bd3 {White is slightly better.} Be6 10. Nd5 Nf6 11. Nbc3 O-O 12. O-O Rc8 $146 ({Predecessor:} 12... Nd4 13. b3 b5 14. Be3 bxc4 15. Bxc4 Nxd5 16. Nxd5 {1-0 (32) Movileanu,D (2174)-Francois Haugrin,S (1825) Caleta 2019}) 13. f3 Nb4 14. Be3 Bxd5 15. cxd5 {Threatening Bf5.} Kh8 16. Bb5 a6 {[#]} 17. Ba4 $1 Rxc3 18. bxc3 Nbxd5 19. Bd2 Qc7 20. Rc1 b5 21. Bb3 Nb6 22. Qe2 d5 23. f4 (23. Kh1 $14) 23... Bc5+ $11 24. Kh1 Ne4 {[%cal Re5f4]} 25. f5 (25. Be1 $11) 25... Qe7 26. Be1 Qg5 $2 (26... Nc4 $11 {and Black is okay.}) 27. Rd1 $18 Rxf5 28. Bxd5 Rxf1+ 29. Qxf1 Nf6 30. Be6 {[#] Rd8+ would kill now.} g6 $2 (30... Be7 {was necessary.} 31. c4 e4 32. cxb5 Qe5) 31. Bd2 Qh4 32. Be1 $2 (32. Qf3 e4 33. Qf4 Qxf4 34. Bxf4) 32... Qg5 $1 33. g3 (33. Bf2 $142 Na4 34. h4) 33... e4 34. Rd8+ Kg7 35. Qf4 Qxf4 36. gxf4 e3 (36... Nh5 $16 {is a better defense.}) 37. Kg2 Ne4 38. Kf3 Nd6 $2 (38... Nd2+ 39. Bxd2 exd2 40. Rxd2 Be7) 39. Rg8+ Kf6 40. Bb3 {Black must now prevent Bh4+.} Ndc4 41. Bxc4 bxc4 42. Ke4 Ke6 43. Re8+ Kf6 44. Rh8 h5 45. Rh7 Be7 (45... e2 $142 46. Bh4+ Ke6) 46. Bh4+ {Accuracy: White = 65%, Black = 37%.} 1-0

[Event "DEN-chT XtraCon 2018-19"]
[Site "Denmark"]
[Date "2019.02.24"]
[Round "7.4"]
[White "Jaksland, Tim"]
[Black "Tikkanen, Hans"]
[Result "1-0"]
[WhiteElo "2252"]
[BlackElo "2518"]
[Annotator "TA"]
[PlyCount "109"]
[EventDate "2018.10.27"]
[EventType "team-tourn"]
[EventCountry "DEN"]
[SourceTitle "playchess.com"]
[Source "ChessBase"]
[SourceQuality "1"]

{[%evp 12,108,4,13,43,32,19,22,33,12,15,12,71,32,66,33,47,33,29,30,64,48,43,0,39,38,54,30,31,28,60,0,61,51,60,59,50,43,208,189,261,252,250,247,243,219,241,243,220,212,296,291,300,305,304,275,301,298,279,231,247,247,347,345,356,339,397,410,389,352,337,330,667,660,627,362,355,352,339,345,344,335,340,336,938,889,908,831,1022,1003,917,883,1304,1271,1214,1024,950,854,29999]} 1. Nf3 Nf6 2. c4 g6 3. b3 Bg7 4. Bb2 O-O 5. g3 c6 6. Bg2 d6 7. d4 a5 {E60: King's Indian: Unusual lines and Fianchetto Variation without Nc3} (7... Nbd7 8. O-O Qc7 9. Nc3 Re8 10. e4 e5 11. h3 b6 12. d5 cxd5 13. cxd5 Ba6 14. Re1 Nc5 15. Bf1 Bxf1 16. Kxf1 Rec8 17. Kg2 a6 18. Qe2 {1-0 (57) Skoberne,J (2563)-Onischuk,V (2632) Batumi 2018}) 8. Nc3 Qc7 9. O-O Na6 {The position is equal.} 10. h3 e5 11. e4 Bd7 $146 (11... Re8 $11 {remains equal.}) ({Predecessor:} 11... Re8 12. Re1 exd4 13. Qxd4 Be6 14. Rad1 Rad8 15. e5 dxe5 16. Qxe5 Qxe5 17. Nxe5 {0-1 (61) Kabanov,A-Berezin,V (2239) Kiev 2004}) 12. Re1 (12. c5 $5 dxc5 13. dxe5 $16) 12... Rfe8 13. Qd2 (13. c5 $5 {[%cal Rc5d6]} exd4 14. cxd6 $16) 13... exd4 14. Nxd4 Nc5 15. Rad1 Re7 16. Qc2 Rae8 17. Re2 Qb6 18. Kh2 h5 19. f3 h4 {[#] ...hxg3+ is the strong threat.} 20. g4 Nh7 21. Qd2 (21. f4 $14) 21... g5 (21... a4 $11) 22. Ree1 a4 {[%cal Ra4b3]} 23. b4 $36 {[%mdl 2048] White has some pressure.} Be5+ 24. Kh1 Ne6 $2 (24... Bf4 $14 25. bxc5 dxc5 26. Nxa4 Qc7) 25. Nf5 $18 (25. Nxa4 $6 Qa6 $14) 25... Bf4 (25... a3 $142) 26. Nxa4 Bxd2 27. Nxb6 Bxb4 28. Re2 ({Don't play} 28. Nxd6 $6 Bxe1 29. Rxe1 (29. Nxe8 Rxe8 30. Rxe1 Nef8 $16) 29... Nef8) 28... Nf4 {aiming for ...Bxf5.} 29. Nxe7+ Rxe7 30. Rc2 f6 {[#]} 31. c5 $1 d5 (31... Bxc5 32. Nxd7) 32. exd5 cxd5 33. a3 Ba5 34. Nxd7 ({Less strong is} 34. Nxd5 Nxd5 35. Rxd5 Re1+ 36. Kh2 Bc7+ 37. Rd6 Bxd6+ 38. cxd6 Rd1 $16) 34... Rxd7 35. c6 bxc6 36. Rxc6 Kf7 (36... Rb7 $142) 37. Bf1 Bd8 38. Bc1 Nf8 39. Bxf4 gxf4 40. Rc5 d4 41. Bc4+ Ke7 $2 (41... Kg7 42. Rb5 Ng6) 42. Re1+ Kd6 43. Rd5+ Kc6 44. Rf5 Rd6 45. Bd3 Ng6 46. Rc1+ Kd7 47. Kg2 Be7 $2 (47... Ne5) 48. Rb5 Ne5 49. Rb7+ Ke8 50. Rcc7 Nxd3 51. Rxe7+ Kd8 52. Rh7 {[%cal Rh7h8]} Kc8 53. Ra7 {[%cal Ra7a8]} Kb8 54. Rad7 {[%cal Rh7h8]} Re6 55. Rd8# {Accuracy: White = 66%, Black = 32%.} 1-0